00433nam a22001457a 450000500170000000800410001702000180005804100080007608200180008410000190010224501010012125000120022226000450023430000080027920180203121033.0160426b xxu||||| |||| 00| 0 eng d a9971-51-324-2 aeng b00183a004.22 aEnglander, Irv aThe Architechture of Camputer Hardware and System Software:ban introduction technology approach a2nd ed. aNew DelhibJohn Wiley & Sons Inc, c2000 a764